Aké je pozadie nízkych miezd v strednej a východnej Európe?
Porovnanie úrovne miezd v krajinách Európy vzhľadom na ukazovatele o pracovníkoch a firmách, s osobitným zreteľom na mzdové úrovne v krajinách strednej a východnej Európy.
Salvato in:
| Autore principale: | |
|---|---|
| Altri autori: | |
| Natura: | Capitolo di libro |
| Lingua: | slovacco |
| Soggetti: | |
| Tags: |
Nessun Tag, puoi essere il primo ad aggiungerne!!
|
MARC
| LEADER | 00000naa a2200000 4500 | ||
|---|---|---|---|
| 001 | 0242151 | ||
| 005 | 20220728114439.0 | ||
| 041 | 0 | |a slo | |
| 044 | |a SK | ||
| 245 | 1 | 0 | |a Aké je pozadie nízkych miezd v strednej a východnej Európe? |c Jan Drahokoupil, Agnieszka Piasna |
| 520 | |a Porovnanie úrovne miezd v krajinách Európy vzhľadom na ukazovatele o pracovníkoch a firmách, s osobitným zreteľom na mzdové úrovne v krajinách strednej a východnej Európy. | ||
| 610 | 2 | 0 | |a analýza komparatívna |
| 610 | 2 | 0 | |a Európa |
| 610 | 2 | 0 | |a stredná Európa |
| 610 | 2 | 0 | |a východná Európa |
| 610 | 2 | 0 | |a vývoj mzdový |
| 610 | 2 | 0 | |a produktivita práce |
| 610 | 2 | 0 | |a diferenciácia mzdová |
| 100 | 1 | |a Drahokoupil, Jan | |
| 700 | 1 | |a Piasna, Agnieszka | |